000 00456nam a2200181Ia 4500
005 20250508152809.0
008 008 250505s9999 xx 000 0 eng d
037 _aTextual
040 _aFEDL
_beng
_cFEDL
041 _aeng
_2eng
084 _a621.815, SYR
_qFEDL
100 _aSyrocki B John
_9762408
245 0 _aWhat is a machine
260 _c1960
300 _a45p.
942 _cTEXL
_h621.815, SYR
999 _c1338818
_d1338818